| 000 | 01730cam a2200481 a 4500 | ||
|---|---|---|---|
| 999 |
_c22967 _d22967 |
||
| 001 | vtls011561517 | ||
| 005 | 20211014111404.0 | ||
| 008 | 200104s2016 xo o g 000 jdslo | ||
| 020 |
_a9788022207713 _q(viaz.) |
||
| 035 | _aurn:nbn:sk:snk-am00cxwh | ||
| 035 | _aurn:nbn:sk:snk-am3hewh | ||
| 035 | _a658B7D5C-5E7A-4868-B75F-39C4C18476CF | ||
| 040 |
_aZKSE _bslo _cZKSE _dPOKPOH _dSNK _eAACR2 |
||
| 041 | 1 |
_aslo _heng |
|
| 044 |
_axo _cSK |
||
| 072 | 7 |
_a821.111(73)-3 _xAmerická próza _2konspekt |
|
| 072 | 7 |
_a133 _xEzoterizmus. Okultizmus _2konspekt |
|
| 080 |
_a821.111(73)-32 _22011 |
||
| 080 |
_a(0:82-322.6) _22011 |
||
| 080 |
_a616-036.884 _22001 |
||
| 080 |
_a133.3 _22011 |
||
| 100 | 1 |
_aArnold, Stephanie _92143 |
|
| 240 | 1 | 0 |
_a37 seconds _lSlovensky |
| 245 | 1 | 0 |
_a37 sekúnd _bzomieranie odhalilo pomoc z neba _cStephanie Arnoldová a Sari Padorrová; [z anglického originálu preložila Mária Kočanová ] |
| 246 | 3 | _aTridsaťsedem sekúnd | |
| 250 | _a1. vyd. | ||
| 260 |
_aBratislava _bTatran _c2016 |
||
| 300 |
_a183 s. _bfotogr. _c21 cm |
||
| 490 | 1 |
_aLUK - Knižnica svetových bestsellerov _vzv. 132 |
|
| 650 | 0 | 7 |
_aklinická smrť _2SNKPH _92144 |
| 650 | 0 | 7 |
_aClinical death _2SNKPHeng _92145 |
| 650 | 0 | 7 |
_amimozmyslové vnímanie _2SNKPH _92146 |
| 650 | 0 | 7 |
_aExtrasensual perception _2SNKPHeng _92147 |
| 655 | 7 |
_aamerické príbehy _2SNKPH _91906 |
|
| 655 | 7 |
_aAmerican stories _2SNKPHeng _91907 |
|
| 655 |
_aAutobiographical stories _2SNKPHeng _92148 |
||
| 655 | 7 |
_aautobiografické príbehy _2SNKPH _92149 |
|
| 700 | 1 |
_aPadorr, Sari _4aut _92150 |
|
| 700 | 1 |
_aKočanová, Mária, _d1955- _4trl _92151 |
|
| 958 | _aLX | ||
| 958 | _aUP | ||